Champions de League of Legends - Mort Subite - Statistiques

Statistiques générales
  • Ce quiz a été pris 949 fois
    41 depuis la dernière actualisation
  • Le résultat moyen est 17 sur 20
Answers on the Grid
Answers color-coded by a green-red scale on the quiz's grid according to % correct below.
Jinx
Chacal
Gul'Dan
Ryu
Fiddlesticks
Shaco
Azir
Akali
Odyn
Gragas
Atreus
Sylas
D.Va
Cho'Gath
Lee Sin
Neeko
Sombra
Faucheur
Kel'Thuzad
Gurdil
Kindred
Wukong
Teemo
Kiriko
Pharah
Lucian
Jaraxxus
Shaheen
Caitlyn
Miss Fortune
Twitch
Olaf
Eivor
Séraphine
Nocturne
Kitana
 
Statistiques - réponses
Réponse % Correct
Miss Fortune
91%
Akali
89%
Gragas
89%
Jinx
89%
Kindred
89%
Lee Sin
89%
Séraphine
89%
Shaco
89%
Caitlyn
86%
Cho'Gath
86%
Fiddlesticks
86%
Sylas
86%
Teemo
86%
Wukong
86%
Azir
83%
Neeko
83%
Olaf
83%
Twitch
83%
Lucian
80%
Nocturne
80%
Aucun quiz correspondant
Distribution des résultats
% des personnes avec chaque résultat
Percentile par nombre de réponses
Votre historique - résultats
Vous n’avez pas pris ce quiz depuis la dernière actualisation